| 000 | 00467nam a22001697a 4500 | ||
|---|---|---|---|
| 003 | BD-ChCU | ||
| 005 | 20260111120902.0 | ||
| 008 | 260111b bg ||||| |||| 00| 0 ben d | ||
| 040 | _cBD-ChCU | ||
| 082 | _a335.4 SUM | ||
| 100 |
_aSuchtion , W.A. _918917 |
||
| 245 |
_aMarx : _ban introduction ./ _cW.A. Suchtiong . |
||
| 260 |
_aBrighton : _bWheatsheaf books , _cC 1983 |
||
| 300 | _axxii , 242p | ||
| 650 | 0 |
_aCommunism . Sociolosm . _918921 |
|
| 942 |
_2ddc _cBK _n0 |
||
| 999 |
_c110871 _d110871 |
||